000 00722nam a2200181Ia 4500
008 090124s9999 xx 000 0 und d
082 _b33625
100 _aकेळकर दत्तात्रय शंकर
245 _a क्रांतीचं तत्त्तवज्ञान
250 _a1
260 _bग्रंथाली प्रकाशन
_c1997
300 _a96
600 _aकेळकर दत्तात्रय शंकर
630 _a क्रांतीचं तत्त्तवज्ञान
700 _aकेळकर दत्तात्रय शंकर
730 _a क्रांतीचं तत्त्तवज्ञान
942 _cBOOK
999 _c99521
_d99521